00860nam a2200181 a 450000100100000000500170001000800410002704000250006808200140009310000280010724500910013526000670022630000200029395201180031395201120043195201180054399900170066100004074220201002034339.0130905s2013 dr 000 0 spa d aDO-SdBNPbspacBNPHU axxxxbxxx1 aSolano, Juana A.95549010aEnfermería en salud laboral y envejecientes :bmanual práctico /cJuana A. Solano. aSanto Domingo, :bUniversidad Católica Santo Domingo,c2013. a71 p. ;c28 cm. 0010718DSaGRbGRcCTd2013-09-19iLF1l0oxxxx xxxp40742-30r2020-06-25te. 3w2020-06-25yLFDSZNo se presta 0010718PDaPDbPDcCTd2013-09-05iLF1l0oxxxx xxxp40742-10r2020-06-25w2020-06-25yLFPDZNo se presta 0010718PDaPDbPDcCTd2013-09-05iLF1l0oxxxx xxxp40742-20r2020-06-25te. 2w2020-06-25yLFPDZNo se presta c40232d40232